000 01011nam a22002417a 4500
008 240702b mp ||||| |||| 00| 0 mon d
035 _a17861
040 _aSU1322070
_bmon
_cMN-UlNLM
_dMN-UlNLM
_erda
041 _amon
042 _a45172
084 _2NNA
_a84.8(7АНУ)
_bК.414
100 _aКинни Ж.
245 0 _aДүрсгүй жаалын өдрийн тэмдэглэл 6:Эцсийн найдвар
264 _aУлаанбаатар
_bЦэнхэр гүзээлзгэнэ ХХК
_c2018
300 _a214х.
336 _2rdacontent
_atext
_btxt
337 _2rdamedia
_aunmediated
_bn
338 _2rdacarrier
_avolume
_bnc
490 _aDIARY of a Wimpy Kid
_v6
650 _aДунд сургуульд тохиолдсон адал явдлуудын Грегийн тэмдэглэл. Сахлаа өдөрт хоёр удаа хусах шаардлагатай томоохон биетэй хөвгүүдийн...
942 _2NNA
_cBK
999 _c1074927
_d1074984